000 00760nam a2200241 a 4500
008 951122s1986||||[C 0 slo c
020 _c30 Kčs.
_q(15000 výtl.)
040 _aSNK
_bslo
_cSNK
_eAACR2
041 1 _aslo
_hger
044 _axo
_cSK
080 _a591.5
100 1 _aDrőscher, Vitus B.
_4aut
245 1 0 _aKrokodíl na raňajky
_cVitus B. Drőscher ; Vitus B. Dröscher, Štefan Teren, Hana Kohútová
250 _a1., vyd.
260 _aBratislava
_bObzor
_c1986
_eKošice
_fVýchodoslovenské tlačiarne
300 _a240 s., 14,63 AH
_c25 cm
490 0 _aSvetom
500 _aIlustr. na front. a predsádkach.
700 1 _aDröscher, Vitus B.
_4aut
700 1 _aTeren, Štefan
_4trl
700 1 _aKohútová, Hana
_4bkd
958 _aA
999 _c10284
_d10284